| 000 | 00854cam a2200289 a 4500 | ||
|---|---|---|---|
| 001 | 000004086 | ||
| 003 | DO-SdBNP | ||
| 005 | 20211112140450.0 | ||
| 008 | 870623s1988 sp 000 f spa d | ||
| 020 | _a8401465117 | ||
| 040 |
_aDO-SdBNP _bspa _cBNPHU |
||
| 041 | 1 | 7 |
_aspa _heng |
| 082 | 4 |
_a823.914 _bB255s _222 |
|
| 100 | 1 |
_aBarker, Clive, _d1952- _912172 |
|
| 240 | 1 | 0 |
_aWeaveworld. _lEspañol |
| 245 | 1 | 0 |
_aSortilegio / _cClive Barker. |
| 260 |
_aBarcelona : _bPlaza & Janés, _c1988. |
||
| 300 |
_a813 p. ; _c18 cm. |
||
| 534 |
_pTíitulo original: _tWeaveworld |
||
| 650 | 4 |
_aNovela fantástica. _ySiglo XX. _912173 |
|
| 650 | 4 |
_aNovela estadounidense _ySiglo XX _96873 |
|
| 650 | 4 |
_aLiteratura estadounidense _ySiglo XX _910902 |
|
| 910 | _aCatalogación derivada | ||
| 910 | _aJornada de catalogación | ||
| 910 | _aWM | ||
| 942 |
_2ddc _cLBS1 |
||
| 999 |
_c3904 _d3904 |
||